000 00529nam a2200181Ia 4500
999 _c27729
_d27729
003 OSt
005 20201217155736.0
008 190216s9999||||xx |||||||||||||| ||und||
020 _a9788171307586
040 _coclc
082 _a894.812
_bMUR/V
100 _aMuraleedharan, Nellickal
_97288
245 0 _aVishwa Sahithya Darsanangal /
_cNellickal Muraleedharan
260 _bD C Books,
_aKottayam:
_c1997.
300 _a448p
650 _aNiroopanam
942 _cBK
_2ddc
_h894.812
_iMUR/V
_k894.812
_mMUR/V